| 000 | 00545nam a2200217Ia 4500 | ||
|---|---|---|---|
| 003 | OSt | ||
| 005 | 20220918231529.0 | ||
| 006 | a|||||r|||| 00| 0 | ||
| 007 | ta | ||
| 008 | 220917b |||||||| |||| 00| 0 eng d | ||
| 024 | _a304,440 | ||
| 037 | _cTextual | ||
| 040 |
_aARTS _cARTS _beng |
||
| 041 |
_2eng _aeng |
||
| 082 | _aO15,2:g, 1591K4 | ||
| 100 |
_aAcharya Banambar _9154945 |
||
| 245 | 0 | _aBharata natyashastra | |
| 260 | _c1964 | ||
| 942 |
_hO15,2:g, 1591K4 _cTEXL _2CC |
||
| 999 |
_c291562 _d291562 |
||